| 000 | 00546nam a22001697a 4500 | ||
|---|---|---|---|
| 005 | 20221019101818.0 | ||
| 008 | 220224b sa ||||| |||| 00| 0 eng d | ||
| 020 |
_a9780636139015 _qPaperback |
||
| 040 |
_aOCLC _cRDA |
||
| 082 |
_aNDE 496.398986 _bMALO |
||
| 100 |
_aMalobola, KN _9172577 |
||
| 245 |
_aNasi-ke Isikhethu iGrayidi 4 _bIncwadi Yokufunda _cby; Malobola KN, Ntuli MS, Mogale E. |
||
| 260 |
_aCape Town : _bMaskew Miller Longman, _c2012. |
||
| 300 |
_a92 p _bIllustration; Coloured _c22 cm |
||
| 942 |
_xElsie _y162 _zElsie Maluleke |
||
| 942 |
_2ddc _cBOOK |
||
| 999 |
_c630870 _d630869 |
||